| 000 | 00950nam a2200265Ia 4500 | ||
|---|---|---|---|
| 003 | OSt | ||
| 005 | 20220916110909.0 | ||
| 006 | a|||||r|||| 00| 0 | ||
| 007 | ta | ||
| 008 | 220915b |||||||| |||| 00| 0 hin d | ||
| 020 | _a817055537X (hbk) | ||
| 024 | _a540 | ||
| 037 | _b482, 27/03/2008, Vani Prakashan | ||
| 037 | _cTextbook | ||
| 040 |
_bhin _aARTS _cARTS |
||
| 041 | _ahin | ||
| 082 | _aP152:3, P5 | ||
| 100 | _aवाजपेयी, किशोरीदास | ||
| 245 | 0 | _aहिन्दी की वर्तनी तथा शब्द - विश्लेषण | |
| 246 | _aHindī kī vartanī tathā shabda - vishleṣhaṇa | ||
| 260 |
_aनई _bदिल्ली वाणी प्रकाशन भारत _c2005 |
||
| 300 |
_a123पृ0 _ccm. |
||
| 942 |
_hP152:3, P5 _cTB _2CC |
||
| 999 |
_c100709 _d100709 |
||